000 00445ntaaa2200181 4500
003 01
005 20251027202038.0
008 0714s1973 ag 01
040 _aAR-BaBN
_bspa
_cAR-BaBN
_eaacr
_dRIC
082 _a251.0000 T54
100 _aTizard, Leslie J.
_919072
245 _aLa predicación, arte de la comunicación
250 _a1 ed.
260 _aBuenos Aires :
_bAurora,
_cc1962
300 _a134 p
650 _apastor
942 _cBK
999 _c15271
_d15271